Pozycja Corporate Name
Liczba rekordów, w których użyto hasła: 2
001 - Numer kontrolny
- control field: 40664
003 - Identyfikator numeru kontrolnego
- control field: NUKAT
005 - Data i czas ostatniej modyfikacji
- control field: 20260427131105.0
008 - Dane kontrolne kodowane (40 znaków)
- fixed length control field: 050120n||azznnbabn |a ana |
010 ## - Numer kontrolny Biblioteki Kongresu
- numer kontrolny LC: p 2004309690
024 7# - OTHER STANDARD IDENTIFIER
- Standard number or code: 8898156012394349700002
- Source of number or code: viaf
035 ## - Numer systemowy
- numer systemowy: a10099669
035 ## - Numer systemowy
- numer systemowy: (PL)a0000001009966
040 ## - Instytucja sporządzająca rekord
- inst. przygot. dane do rek. khw: WA N
- język haseł przedmiotowych/tezaurus: DBN
- inst. wprow. rek. khw: WA N
043 ## - Kod obszaru geograficznego
- ISO code: DE
046 ## - Special dates
- Establishment date: 1933
- Termination date: 1945
110 2# - Hasło - nazwa ciała zbiorowego
- nazwa ciała zbior. lub geogr. na pocz.: Dachau (niemiecki obóz koncentracyjny)
368 ## - Other Attributes
- Corp type: Niemieckie nazistowskie obozy koncentracyjne
370 ## - Associated place
- Country: Niemcy
370 ## - Associated place
- Residence/HQ: Dachau (Niemcy)
410 2# - Trop zob. - nazwa ciała zbiorowego
- nazwa ciała zbior. lub geogr. na pocz.: Konzentrationslager Dachau
410 2# - Trop zob. - nazwa ciała zbiorowego
- nazwa ciała zbior. lub geogr. na pocz.: Obóz hitlerowski Dachau
410 2# - Trop zob. - nazwa ciała zbiorowego
- nazwa ciała zbior. lub geogr. na pocz.: KL Dachau
510 2# - Trop zob. też - nazwa ciała zbiorowego
- nazwa ciała zbior. lub geogr. na pocz.: Gedenkstätte (Dachau)
510 2# - Trop zob. też - nazwa ciała zbiorowego
- nazwa ciała zbior. lub geogr. na pocz.: Polski Związek Byłych Więźniów Dachau
510 2# - Trop zob. też - nazwa ciała zbiorowego
- nazwa ciała zbior. lub geogr. na pocz.: Trybunał Wojskowy (Dachau)
510 2# - Trop zob. też - nazwa ciała zbiorowego
- podpole kontrolne: h
- nazwa ciała zbior. lub geogr. na pocz.: Kaufering (niemiecki obóz koncentracyjny)
510 2# - Trop zob. też - nazwa ciała zbiorowego
- podpole kontrolne: h
- nazwa ciała zbior. lub geogr. na pocz.: Mühldorf (niemiecki obóz koncentracyjny)
550 ## - Trop zob. też - nazwa pospolita
- podpole kontrolne: g
- nazwa posp. lub nazwa geogr. na pocz.: Niemieckie nazistowskie obozy koncentracyjne
550 ## - Trop zob. też - nazwa pospolita
- nazwa posp. lub nazwa geogr. na pocz.: Procesy załogi Dachau (1945-1948)
551 ## - Trop zob. też - nazwa geograficzna
- nazwa geograficzna: Dachau (Niemcy)